Towards A world war III Scenario : (Record no. 592820)
[ view plain ]
| 000 -LEADER | |
|---|---|
| fixed length control field | 00622nam a22001337a 4500 |
| 040 ## - CATALOGING SOURCE | |
| Transcribing agency | NUST |
| 082 ## - DEWEY DECIMAL CLASSIFICATION NUMBER | |
| Classification number | 355.0217,CHO |
| 100 ## - MAIN ENTRY--PERSONAL NAME | |
| Personal name | Chossudovsky, Michel |
| 9 (RLIN) | 30767 |
| 245 ## - TITLE STATEMENT | |
| Title | Towards A world war III Scenario : |
| Remainder of title | the danger of nuclear war / |
| Statement of responsibility, etc. | Michel Chossudovsky |
| 260 ## - PUBLICATION, DISTRIBUTION, ETC. | |
| Place of publication, distribution, etc. | Canada |
| Name of publisher, distributor, etc. | Michel Chossudovsky |
| Date of publication, distribution, etc. | 2012 |
| 300 ## - PHYSICAL DESCRIPTION | |
| Extent | 102 p.: |
| 505 ## - FORMATTED CONTENTS NOTE | |
| Formatted contents note | Introduction (Page-10, The Dangers of Nuclear War (Page-70, America's Holy Crusade and the Battle for Oil (Page-35), Preparing for World War Three (Page-49), Targeting Iran With Nuclear Weapons (Page-59), Reversing the tide of war (Page-87). |
| 942 ## - ADDED ENTRY ELEMENTS (KOHA) | |
| Source of classification or shelving scheme | |
| Koha item type | Book |
| Call number prefix | 355.0217,CHO |
| Withdrawn status | Lost status | Source of classification or shelving scheme | Damaged status | Not for loan | Permanent Location | Current Location | Shelving location | Date acquired | Total Checkouts | Full call number | Barcode | Date last seen | Date last checked out | Price effective from | Koha item type | Public note |
|---|---|---|---|---|---|---|---|---|---|---|---|---|---|---|---|---|
| Military College of Signals (MCS) | Military College of Signals (MCS) | General Stacks | 12/27/2022 | 1 | 355.0217,CHO | MCS38556 | 08/13/2024 | 07/30/2024 | 12/27/2022 | Book | Almirah Fresh No.44, Shelf No.2 | |||||
| Military College of Signals (MCS) | Military College of Signals (MCS) | General Stacks | 12/27/2022 | 355.0217,CHO | MCS38555 | 12/27/2022 | 12/27/2022 | Book | Almirah No.52, Shelf No.4 |
